Closest Countries to Germany Quiz Stats

 Plays Quiz Updated Apr 17, 2018

Challenge
Share
Tweet
Embed
Score 0/20 Timer 03:00
2 Plays Today
Distance Country % Correct
310 kmUnited Kingdom
93.1%
51 kmItaly
92.9%
73 kmSweden
91.8%
328 kmNorway
89.3%
357 kmRussia
85.8%
223 kmSlovakia
80.3%
222 kmHungary
79.1%
118 kmSlovenia
77.6%
496 kmLatvia
73.9%
222 kmCroatia
73.6%
Distance Country % Correct
459 kmLithuania
72.6%
589 kmUkraine
70%
33 kmLiechtenstein
68.8%
478 kmSerbia
67.4%
572 kmRomania
67.2%
618 kmVatican City
67%
586 kmBelarus
66.8%
388 kmSan Marino
64.8%
421 kmMonaco
64.7%
332 kmBosnia and Herzegovina
55.5%

You're not logged in!

Compare scores with friends on all Sporcle quizzes.
Join for Free
OR
Log In

You Might Also Like...

Show Comments

Extras

Top Quizzes Today


Score Distribution

Your Account Isn't Verified!

In order to create a playlist on Sporcle, you need to verify the email address you used during registration. Go to your Sporcle Settings to finish the process.

Report this User

Report this user for behavior that violates our Community Guidelines.

Details: